[Event "44th Chess Olympiad Open 2022"]
[Site "Chennai"]
[Date "2022.08.01"]
[Round "4.40"]
[White "Nsubuga, Haruna"]
[Black "Santos, Jose Guilherme B Lim"]
[Result "0-1"]
[WhiteElo "2160"]
[BlackElo "2361"]
[Annotator "TA"]
[PlyCount "78"]
[EventDate "2022.07.29"]
[EventType "team-tourn"]
[EventCountry "IND"]
[SourceTitle "playchess.com"]
[Source "ChessBase"]
[SourceQuality "1"]
[WhiteTeam "Uganda"]
[BlackTeam "Portugal"]
[WhiteTeamCountry "UGA"]
[BlackTeamCountry "POR"]

1. d4 Nf6 2. c4 e6 3. a3 d5 4. e3 Be7 5. Nc3 O-O 6. cxd5 exd5 7. Bd3 c5 8. Nge2
Nc6 9. Bc2 Bg4 10. f3 Bh5 11. dxc5 Bxc5 12. b4 Bb6 13. Nb5 Re8 14. Kf2 Ne5 15.
Nbd4 Neg4+ 16. fxg4 Nxg4+ 17. Ke1 Nxe3 18. Bxe3 Rxe3 19. Nf3 Bxf3 20. gxf3 Qh4+
21. Kd2 Rae8 22. Re1 Qc4 23. Kc1 Rxe2 24. Rxe2 Rxe2 25. Ra2 Rf2 26. Rb2 Rf1 27.
Rb3 Rxd1+ 28. Kxd1 Qf1+ 29. Kd2 Qf2+ 30. Kc1 Be3+ 31. Kb1 Bd4 32. Rd3 Qf1+ 33.
Rd1 Qc4 34. Rd3 g6 35. Kc1 Qa2 36. a4 Qa1+ 37. Kd2 Kg7 38. b5 Bb6 39. Bd1 Qb2+
0-1

[Event "44th Chess Olympiad Open 2022"]
[Site "Chennai"]
[Date "2022.08.01"]
[Round "4.41"]
[White "Keinanen, Toivo"]
[Black "Nezad Husein Aziz"]
[Result "1-0"]
[WhiteElo "2477"]
[BlackElo "2412"]
[Annotator "TA"]
[PlyCount "119"]
[EventDate "2022.07.29"]
[EventType "team-tourn"]
[EventCountry "IND"]
[SourceTitle "playchess.com"]
[Source "ChessBase"]
[SourceQuality "1"]
[WhiteTeam "Finland"]
[BlackTeam "Qatar"]
[WhiteTeamCountry "FIN"]
[BlackTeamCountry "QAT"]

1. d4 d5 2. Nf3 Nf6 3. e3 c5 4. Be2 Nc6 5. O-O Bg4 6. h3 Bh5 7. dxc5 e6 8. a3
Bxc5 9. b4 Be7 10. Bb2 O-O 11. Nbd2 a5 12. b5 Nb8 13. c4 Nbd7 14. a4 Bb4 15.
cxd5 Nxd5 16. Nc4 Qe7 17. Nfe5 Bxe2 18. Qxe2 Nc5 19. Nd3 Nxd3 20. Qxd3 Rfd8 21.
Qb3 Rac8 22. Rfd1 h6 23. Rac1 Nf6 24. Ne5 Rxd1+ 25. Qxd1 Rd8 26. Qb3 Ne4 27.
Qc2 Nc5 28. Bd4 Rd5 29. Nd3 Nxd3 30. Qxd3 Qd7 31. Qc4 e5 32. Qc8+ Qxc8 33.
Rxc8+ Kh7 34. Bb6 Rd1+ 35. Kh2 e4 36. g3 Rd2 37. Kg2 Ra2 38. Rc7 Kg6 39. Rxb7
Be1 40. Kf1 Bxf2 41. Re7 Bxg3 42. Rxe4 f5 43. Rc4 Kh5 44. Bxa5 g5 45. Bd8 Rf2+
46. Kg1 Rb2 47. Bf6 Rd2 48. b6 f4 49. exf4 Kh4 50. Rc3 Bf2+ 51. Kf1 Bxb6 52.
fxg5 hxg5 53. Be5 Rf2+ 54. Ke1 Rg2 55. Rc6 Rg1+ 56. Ke2 Rg2+ 57. Kd3 Kxh3 58.
Rxb6 Ra2 59. Ra6 g4 60. Rh6+ 1-0

[Event "44th Chess Olympiad Open 2022"]
[Site "Chennai"]
[Date "2022.08.01"]
[Round "4.41"]
[White "Nyysti, Sampsa"]
[Black "Yousuf M M Al Mutawa"]
[Result "1-0"]
[WhiteElo "2363"]
[BlackElo "2120"]
[Annotator "TA"]
[PlyCount "101"]
[EventDate "2022.07.29"]
[EventType "team-tourn"]
[EventCountry "IND"]
[SourceTitle "playchess.com"]
[Source "ChessBase"]
[SourceQuality "1"]
[WhiteTeam "Finland"]
[BlackTeam "Qatar"]
[WhiteTeamCountry "FIN"]
[BlackTeamCountry "QAT"]

1. e4 e6 2. d4 d5 3. e5 c5 4. c3 Nc6 5. Nf3 cxd4 6. cxd4 Bb4+ 7. Bd2 Bxd2+ 8.
Qxd2 Nge7 9. Nc3 a6 10. Bd3 b5 11. O-O Ng6 12. g3 f5 13. h4 Bd7 14. Ne2 O-O 15.
Kg2 Qa5 16. Qe3 Nb4 17. Bb1 Rac8 18. h5 Nh8 19. Nc3 Qb6 20. Rh1 Nc6 21. Rh4 Ne7
22. Bd3 Nf7 23. Ne2 Nh6 24. Qg5 Qd8 25. Qd2 Nc6 26. Nf4 Qe7 27. a3 Qd8 28. b4
Qb6 29. Be2 Rc7 30. Nd3 Bc8 31. Nc5 a5 32. Rb1 axb4 33. axb4 f4 34. Rxf4 Rxf4
35. Qxf4 Rf7 36. Qd2 Nf5 37. g4 Nfe7 38. Ng5 Rf8 39. Qd3 g6 40. Qh3 Qa7 41.
Nxh7 Kxh7 42. hxg6+ Kxg6 43. Bd3+ Nf5 44. gxf5+ exf5 45. Kh2 Qa2 46. Rg1+ Kf7
47. Qh5+ Ke7 48. Rg7+ Kd8 49. Qg5+ Ke8 50. Qg6+ Kd8 51. Qd6+ 1-0

[Event "44th Chess Olympiad Open 2022"]
[Site "Chennai"]
[Date "2022.08.01"]
[Round "4.41"]
[White "Al-Sulaiti, Ghanem"]
[Black "Sipila, Vilka"]
[Result "1/2-1/2"]
[WhiteElo "2183"]
[BlackElo "2416"]
[Annotator "TA"]
[PlyCount "112"]
[EventDate "2022.07.29"]
[EventType "team-tourn"]
[EventCountry "IND"]
[SourceTitle "playchess.com"]
[Source "ChessBase"]
[SourceQuality "1"]
[WhiteTeam "Qatar"]
[BlackTeam "Finland"]
[WhiteTeamCountry "QAT"]
[BlackTeamCountry "FIN"]

1. e4 e6 2. d4 d5 3. Nc3 Bb4 4. e5 c5 5. Bd2 Ne7 6. Nb5 Bxd2+ 7. Qxd2 O-O 8. c3
a6 9. Nd6 cxd4 10. cxd4 Nbc6 11. f4 Nf5 12. Nxf5 exf5 13. Nf3 Be6 14. Be2 a5
15. O-O a4 16. Bb5 Na5 17. Bxa4 Nc4 18. Qb4 Qa5 19. Qxa5 Rxa5 20. Bc2 Rfa8 21.
a4 Ne3 22. Rfc1 Nxc2 23. Rxc2 Rxa4 24. Rxa4 Rxa4 25. Kf2 Kf8 26. Ke3 h6 27. Kd3
Ke8 28. Rc3 Bd7 29. Ra3 Bb5+ 30. Kc2 Rc4+ 31. Rc3 Rb4 32. Rc5 Ba4+ 33. Kc1 Bc6
34. Kc2 Ra4 35. Kb3 Ra1 36. Kb4 Kd7 37. Rc2 Rd1 38. b3 Kc7 39. Ra2 Rd3 40. Ra8
Bd7 41. Rg8 g6 42. Rh8 g5 43. fxg5 hxg5 44. Nxg5 Rxd4+ 45. Kc3 Rg4 46. Nxf7 d4+
47. Kc4 f4 48. Nd6 Be6+ 49. Kd3 Kc6 50. Ne4 Rxg2 51. Kxd4 Bxb3 52. Rh6+ Kc7 53.
Rh7+ Kc6 54. Rh6+ Kc7 55. Rh7+ Kc6 56. Rh6+ Kc7 1/2-1/2

[Event "44th Chess Olympiad Open 2022"]
[Site "Chennai"]
[Date "2022.08.01"]
[Round "4.41"]
[White "Erfan Mohamad Firdaus"]
[Black "Koykka, Pekka"]
[Result "0-1"]
[WhiteElo "1294"]
[BlackElo "2361"]
[Annotator "TA"]
[PlyCount "56"]
[EventDate "2022.07.29"]
[EventType "team-tourn"]
[EventCountry "IND"]
[SourceTitle "playchess.com"]
[Source "ChessBase"]
[SourceQuality "1"]
[WhiteTeam "Qatar"]
[BlackTeam "Finland"]
[WhiteTeamCountry "QAT"]
[BlackTeamCountry "FIN"]

1. e4 d5 2. exd5 Qxd5 3. d4 Nc6 4. c3 e5 5. Qf3 Be6 6. Qxd5 Bxd5 7. dxe5 Nxe5
8. f3 O-O-O 9. Be3 Re8 10. Kf2 Nf6 11. h3 h5 12. Nd2 h4 13. c4 Bc6 14. Be2 Nh5
15. Nf1 Ng6 16. Bd4 Ngf4 17. Rd1 Rh6 18. Bd3 Rd6 19. Bf5+ Kb8 20. b4 Red8 21.
Bxa7+ Kxa7 22. Rb1 Rd1 23. Rb3 Rxf1+ 24. Kxf1 Ng3+ 25. Ke1 Nxh1 26. Ne2 Nxe2
27. Kxe2 Ng3+ 28. Kf2 Nxf5 0-1

[Event "44th Chess Olympiad Open 2022"]
[Site "Chennai"]
[Date "2022.08.01"]
[Round "4.42"]
[White "Tin, Jingyao"]
[Black "Mirzaad, S.wahabuddin"]
[Result "1-0"]
[WhiteElo "2552"]
[BlackElo "1999"]
[Annotator "TA"]
[PlyCount "67"]
[EventDate "2022.07.29"]
[EventType "team-tourn"]
[EventCountry "IND"]
[SourceTitle "playchess.com"]
[Source "ChessBase"]
[SourceQuality "1"]
[WhiteTeam "SGP"]
[BlackTeam "Afghanistan"]
[BlackTeamCountry "AFG"]

1. d4 d5 2. c4 c6 3. Nf3 Nf6 4. Nc3 dxc4 5. a4 Bf5 6. Ne5 e6 7. f3 h6 8. e4 Bh7
9. Be3 Nbd7 10. Nxc4 Bb4 11. Be2 O-O 12. O-O Qe7 13. Na2 b5 14. Nxb4 Qxb4 15.
Bd2 Qe7 16. Na5 Rfc8 17. axb5 cxb5 18. Bxb5 Nb6 19. Bc6 Qd6 20. Bxa8 Qxd4+ 21.
Kh1 Rxa8 22. Bc3 Qc5 23. Qd4 Qc7 24. Rfd1 Ne8 25. Nb3 f5 26. Nc5 fxe4 27. fxe4
Qc6 28. Qe5 Nf6 29. Rd6 Qc8 30. Rxe6 Qf8 31. Rf1 Rc8 32. Re7 Bg6 33. Rxf6 gxf6
34. Qe6+ 1-0

[Event "44th Chess Olympiad Open 2022"]
[Site "Chennai"]
[Date "2022.08.01"]
[Round "4.42"]
[White "Amini, Habibullah"]
[Black "Siddharth, Jagadeesh"]
[Result "0-1"]
[WhiteElo "2035"]
[BlackElo "2426"]
[Annotator "TA"]
[PlyCount "106"]
[EventDate "2022.07.29"]
[EventType "team-tourn"]
[EventCountry "IND"]
[SourceTitle "playchess.com"]
[Source "ChessBase"]
[SourceQuality "1"]
[WhiteTeam "Afghanistan"]
[BlackTeam "SGP"]
[WhiteTeamCountry "AFG"]

1. d4 d5 2. Bf4 c5 3. e3 Nc6 4. c3 Qb6 5. Qb3 c4 6. Qc2 e5 7. dxe5 Bf5 8. Qc1
g5 9. Bg3 h5 10. h3 Bg7 11. Nf3 Nh6 12. Nbd2 h4 13. Bh2 g4 14. Nd4 Bg6 15. hxg4
Nxg4 16. Nxc6 bxc6 17. Nf3 Bh6 18. Bg1 Be4 19. Rxh4 Bxf3 20. gxf3 Nxe5 21. Be2
O-O-O 22. Qc2 Rdg8 23. Qf5+ Nd7 24. Kf1 Qxb2 25. Re1 Qxc3 26. Bh2 Qf6 27. Qxf6
Nxf6 28. Be5 Bg5 29. Rxh8 Rxh8 30. Kg2 Rg8 31. Kf1 Nd7 32. Bh2 Bd8 33. Bg3 Bc7
34. f4 Nc5 35. Kg2 Ba5 36. Rh1 Bd2 37. Bd1 Ne4 38. Rh3 c5 39. Rh5 Bxe3 40. Rxd5
Bxf2 41. Kf3 Nc3 42. Bxf2 Nxd5 43. Bxc5 Kc7 44. a4 a5 45. Bd4 Kd6 46. Bc2 f6
47. Be4 Rb8 48. Bxd5 Kxd5 49. Bxf6 c3 50. Ke3 Kc4 51. Ke2 Rb2+ 52. Ke3 Rh2 53.
f5 c2 0-1

[Event "44th Chess Olympiad Open 2022"]
[Site "Chennai"]
[Date "2022.08.01"]
[Round "4.43"]
[White "Volodin, Aleksandr"]
[Black "Hsu, Hsuan-Ming"]
[Result "0-1"]
[WhiteElo "2454"]
[BlackElo "1900"]
[Annotator "TA"]
[PlyCount "108"]
[EventDate "2022.07.29"]
[EventType "team-tourn"]
[EventCountry "IND"]
[SourceTitle "playchess.com"]
[Source "ChessBase"]
[SourceQuality "1"]
[WhiteTeam "Estonia"]
[BlackTeam "Taiwan"]
[WhiteTeamCountry "EST"]
[BlackTeamCountry "TPE"]

1. d4 Nf6 2. c4 g6 3. g3 Bg7 4. Bg2 O-O 5. Nf3 d6 6. O-O Nbd7 7. Qc2 e5 8. dxe5
Nxe5 9. Nbd2 Qe7 10. Nd4 Re8 11. e3 a6 12. Ne2 Rb8 13. Nf4 c5 14. Rb1 b5 15. b3
Bf5 16. e4 Bd7 17. Bb2 Nc6 18. Rbd1 Bg4 19. Rde1 Nd4 20. Bxd4 cxd4 21. h3 Bc8
22. Rd1 Qa7 23. Rfe1 Bb7 24. Nd3 Nd7 25. Kh2 Rbc8 26. Qb1 Qb6 27. Rc1 h5 28. h4
Rc7 29. Re2 Nf6 30. f3 Bh6 31. Nf4 Nd7 32. Ree1 Ne5 33. Rcd1 Ba8 34. Bf1 Qa5
35. Kg2 Qb6 36. Bd3 Rce7 37. Re2 Qd8 38. cxb5 Rc7 39. Nh3 Rc3 40. Nf1 Qf6 41.
Nh2 Rec8 42. f4 Nxd3 43. Rxd3 Rxd3 44. Qxd3 Rc3 45. Qd1 d3 46. Rd2 Bxe4+ 47.
Nf3 axb5 48. Nf2 d5 49. Nxd3 Qf5 50. Nde1 Qg4 51. Kf2 Bf8 52. Nd3 Bc5+ 53. Kg2
Be3 54. Nde5 Bxf3+ 0-1

[Event "44th Chess Olympiad Open 2022"]
[Site "Chennai"]
[Date "2022.08.01"]
[Round "4.43"]
[White "Kiik, Kalle"]
[Black "Yan, Austin K"]
[Result "1-0"]
[WhiteElo "2365"]
[BlackElo "1568"]
[Annotator "TA"]
[PlyCount "59"]
[EventDate "2022.07.29"]
[EventType "team-tourn"]
[EventCountry "IND"]
[SourceTitle "playchess.com"]
[Source "ChessBase"]
[SourceQuality "1"]
[WhiteTeam "Estonia"]
[BlackTeam "United States"]
[WhiteTeamCountry "EST"]
[BlackTeamCountry "USA"]

1. c4 c6 2. Nf3 Nf6 3. b3 d5 4. e3 Bf5 5. Nh4 Bg4 6. Be2 Bxe2 7. Qxe2 e6 8. O-O
Nbd7 9. Bb2 Bd6 10. d3 O-O 11. Nd2 Be5 12. d4 Bc7 13. g3 e5 14. Rad1 exd4 15.
Bxd4 Be5 16. Ndf3 Bxd4 17. Rxd4 Qc7 18. cxd5 Nxd5 19. Rc1 N5f6 20. Rcd1 Ne5 21.
Nf5 Nd5 22. Ng5 g6 23. Nh6+ Kg7 24. Nhxf7 Qe7 25. Nxe5 Qxe5 26. f4 Qxe3+ 27.
Qxe3 Nxe3 28. Rd7+ Kf6 29. Re1 Nc2 30. Re5 1-0

[Event "44th Chess Olympiad Open 2022"]
[Site "Chennai"]
[Date "2022.08.01"]
[Round "4.43"]
[White "Liu, Yeh Yang"]
[Black "Chukavin, Kirill"]
[Result "1-0"]
[WhiteElo "1994"]
[BlackElo "2418"]
[Annotator "TA"]
[PlyCount "91"]
[EventDate "2022.07.29"]
[EventType "team-tourn"]
[EventCountry "IND"]
[SourceTitle "playchess.com"]
[Source "ChessBase"]
[SourceQuality "1"]
[WhiteTeam "Taiwan"]
[BlackTeam "Estonia"]
[WhiteTeamCountry "TPE"]
[BlackTeamCountry "EST"]

1. e4 c5 2. Nf3 a6 3. c3 d5 4. exd5 Qxd5 5. d4 Nf6 6. c4 Qe4+ 7. Be3 cxd4 8.
Nbd2 Qc6 9. Nxd4 Qc7 10. Be2 e5 11. Nc2 Nc6 12. O-O Be6 13. a3 Be7 14. b4 Rd8
15. Qc1 O-O 16. Qb2 e4 17. h3 Ne5 18. Nd4 Bxc4 19. Rfc1 b5 20. Nf5 Rfe8 21.
Nxc4 bxc4 22. Bd4 Nd3 23. Bxd3 exd3 24. Ne3 Nh5 25. Rxc4 Qd7 26. Rd1 Bf6 27.
Rxd3 Nf4 28. Rd1 Bxd4 29. Rcxd4 Qxd4 30. Rxd4 Rxd4 31. Nf5 Rd1+ 32. Kh2 Ne6 33.
Qe2 Rd5 34. g4 a5 35. b5 Rdd8 36. Qe5 f6 37. Qc3 a4 38. Qc4 g6 39. Ne3 Rd4 40.
Qc6 Kf7 41. Nc4 Rb8 42. b6 Ke7 43. Qxa4 Nd8 44. Qa7+ Rb7 45. Na5 Rbd7 46. b7
1-0

[Event "44th Chess Olympiad Open 2022"]
[Site "Chennai"]
[Date "2022.08.01"]
[Round "4.43"]
[White "Wu, Bing-Shen"]
[Black "Shishkov, Andrei"]
[Result "0-1"]
[WhiteElo "1660"]
[BlackElo "2366"]
[Annotator "TA"]
[PlyCount "128"]
[EventDate "2022.07.29"]
[EventType "team-tourn"]
[EventCountry "IND"]
[SourceTitle "playchess.com"]
[Source "ChessBase"]
[SourceQuality "1"]
[WhiteTeam "Taiwan"]
[BlackTeam "Estonia"]
[WhiteTeamCountry "TPE"]
[BlackTeamCountry "EST"]

1. d4 Nf6 2. Nf3 d5 3. c4 e6 4. g3 dxc4 5. Bg2 Nc6 6. O-O Rb8 7. Nc3 b5 8. Ne5
Nxe5 9. dxe5 Nd7 10. Bc6 a6 11. a4 b4 12. Ne4 Rb6 13. Bxd7+ Qxd7 14. Be3 Qxd1
15. Rfxd1 Rc6 16. a5 c3 17. bxc3 bxc3 18. Rdc1 Bb4 19. Ra4 Rc4 20. Bc5 Rxe4 21.
Rxb4 Rxb4 22. Bxb4 Bb7 23. Rxc3 Kd7 24. f3 Rb8 25. Rc4 Bd5 26. Rd4 Rb5 27. Bd2
c5 28. Rd3 Kc7 29. e4 Bc4 30. Rd6 f6 31. f4 Rb3 32. Kf2 h5 33. Be3 Rb5 34. Bd2
Rb2 35. Ke3 fxe5 36. fxe5 g5 37. h4 Rb3+ 38. Kf2 g4 39. Be3 Rb5 40. Bd2 Rb3 41.
Be3 Rb5 42. Bd2 Rb1 43. Be3 Rf1+ 44. Kg2 Re1 45. Bxc5 Rxe4 46. Rb6 Re2+ 47. Kg1
Ra2 48. Bd6+ Kd7 49. Rb7+ Kc6 50. Rf7 Rxa5 51. Kf2 Kd5 52. Ke3 Rb5 53. Kf4 Rb3
54. Kg5 Rxg3 55. Kxh5 Rf3 56. Rg7 g3 57. Rg5 Rf5 58. Bb8 g2 59. Ba7 Kxe5 60.
Kg4 Rxg5+ 61. hxg5 Bd3 62. Kg3 Be4 63. g6 Kf6 64. Kf4 Bd5 0-1

[Event "44th Chess Olympiad Open 2022"]
[Site "Chennai"]
[Date "2022.08.01"]
[Round "4.44"]
[White "Fluvia Poyatos, Jordi"]
[Black "Nissinen, Niilo Man"]
[Result "1/2-1/2"]
[WhiteElo "2451"]
[BlackElo "1693"]
[Annotator "TA"]
[PlyCount "156"]
[EventDate "2022.07.29"]
[EventType "team-tourn"]
[EventCountry "IND"]
[SourceTitle "playchess.com"]
[Source "ChessBase"]
[SourceQuality "1"]
[WhiteTeam "Andorra"]
[BlackTeam "Hong Kong"]
[WhiteTeamCountry "AND"]
[BlackTeamCountry "HKG"]

1. e4 c5 2. Nf3 Nc6 3. d4 cxd4 4. Nxd4 Nf6 5. Nc3 e5 6. Ndb5 d6 7. Bg5 a6 8.
Na3 b5 9. Nd5 Be7 10. Bxf6 Bxf6 11. c3 O-O 12. Nc2 Bg5 13. a4 bxa4 14. Rxa4 a5
15. Bc4 Rb8 16. Ra2 Kh8 17. Nce3 g6 18. h4 Bh6 19. h5 Qg5 20. Nc7 Qd8 21. hxg6
fxg6 22. Rxh6 Qxc7 23. b3 Ne7 24. Rd2 Rb6 25. Ke2 Bb7 26. Qh1 Ng8 27. Rxg6 Bxe4
28. Rxg8+ Rxg8 29. Bxg8 Kxg8 30. Qh4 Bb7 31. Qg5+ Kf8 32. Nf5 d5 33. Rd3 Ba6
34. c4 Rg6 35. Qh4 d4 36. Rf3 Bb7 37. Rg3 Rxg3 38. Qf6+ Ke8 39. fxg3 Kd7 40.
Qe7+ Kc6 41. Qe8+ Kb6 42. Qb5+ Ka7 43. Kd2 Bc8 44. g4 h5 45. Ng3 hxg4 46. Ne4
Bb7 47. Nc5 Qb6 48. Qxb6+ Kxb6 49. Nd7+ Kc7 50. Nxe5 g3 51. Kd3 Bxg2 52. Kxd4
Kd6 53. Nd3 Bf1 54. Nf4 Kc6 55. Ke3 g2 56. Nxg2 Bxg2 57. Kd4 Bf1 58. c5 Kb5 59.
Kc3 Kxc5 60. Kb2 Kb4 61. Ka2 Kc3 62. Ka3 Bb5 63. Ka2 Bd7 64. Ka3 Be8 65. Ka2
Kc2 66. Ka1 Bd7 67. Ka2 Kc1 68. Ka1 Bc6 69. Ka2 Kc2 70. Ka1 Kc3 71. Ka2 Bd5 72.
Ka3 Bc6 73. Ka2 Be8 74. Ka3 Bb5 75. Ka2 Kc2 76. Ka1 Bd7 77. Ka2 Be6 78. Ka1
Bxb3 1/2-1/2

[Event "44th Chess Olympiad Open 2022"]
[Site "Chennai"]
[Date "2022.08.01"]
[Round "4.44"]
[White "Deng, Yu Dong Michael"]
[Black "Henderson de La Fuente, Lance"]
[Result "1/2-1/2"]
[WhiteElo "2028"]
[BlackElo "2490"]
[Annotator "TA"]
[PlyCount "200"]
[EventDate "2022.07.29"]
[EventType "team-tourn"]
[EventCountry "IND"]
[SourceTitle "playchess.com"]
[Source "ChessBase"]
[SourceQuality "1"]
[WhiteTeam "Hong Kong"]
[BlackTeam "Andorra"]
[WhiteTeamCountry "HKG"]
[BlackTeamCountry "AND"]

1. d4 d5 2. c4 e6 3. Nc3 c6 4. e3 Nf6 5. Nf3 Nbd7 6. Bd3 dxc4 7. Bxc4 b5 8. Bd3
a6 9. O-O c5 10. Qe2 Bb7 11. Rd1 Qb8 12. dxc5 Bxc5 13. b3 Bd6 14. h3 O-O 15.
Bb2 Nc5 16. Bc2 Bxf3 17. Qxf3 Bh2+ 18. Kh1 Be5 19. Rab1 Rc8 20. Ne4 Bxb2 21.
Rxb2 Ncxe4 22. Bxe4 Qe5 23. Bxa8 Qxb2 24. Bb7 Rf8 25. Bxa6 Nd5 26. e4 Nc3 27.
Rd3 b4 28. Bc4 Qxa2 29. Rd7 Qb1+ 30. Kh2 Qxe4 31. Qxe4 Nxe4 32. f3 Nf6 33. Rb7
Rd8 34. Rxb4 g5 35. Ra4 Rd2 36. b4 Rb2 37. b5 h5 38. Ra8+ Kg7 39. Ra7 Kf8 40.
Ra5 Rb4 41. Bd3 Nd5 42. Be4 Nb6 43. Bc6 Rb2 44. Ra6 Nc4 45. Ra4 Ne3 46. f4 g4
47. hxg4 hxg4 48. Kg3 Rb3 49. Ra6 Kg7 50. b6 Nc4+ 51. Kxg4 Nxb6 52. Ra7 Nc4 53.
Bf3 Ne3+ 54. Kh3 Nd5 55. Ra4 Nc3 56. Rc4 Nd5 57. Kh4 Ne3 58. Ra4 Nf5+ 59. Kh3
Kf6 60. Kh2 Ne3 61. g4 Rb2+ 62. Kh3 Kg7 63. Ra3 Nc2 64. Rc3 Nd4 65. Kg3 Rb4 66.
Ra3 Nb3 67. Bd1 Nd2 68. Bf3 Rb2 69. Bg2 Rc2 70. Rd3 Rb2 71. Ra3 Nc4 72. Rc3 Nd6
73. Rd3 Nc8 74. Rc3 Ne7 75. Ra3 Kf6 76. Be4 Rb4 77. Re3 Rd4 78. Kf3 Rb4 79. Kg3
Nc8 80. Bg2 Nd6 81. Rd3 Nb5 82. Bf3 Nd4 83. Ra3 Kg6 84. Be4+ Kh6 85. Bf3 f6 86.
Re3 Kg7 87. Ra3 Rc4 88. Ra7+ Kg6 89. Ra3 f5 90. Rd3 Kf6 91. Ra3 Rb4 92. Rd3 e5
93. fxe5+ Kxe5 94. gxf5 Nxf5+ 95. Kf2 Rb2+ 96. Be2 Nd4 97. Re3+ Kf4 98. Re8
Rxe2+ 99. Rxe2 Nxe2 100. Kxe2 Ke5 1/2-1/2

[Event "44th Chess Olympiad Open 2022"]
[Site "Chennai"]
[Date "2022.08.01"]
[Round "4.44"]
[White "Kwong, Wing Ki"]
[Black "De La Riva Aguado, Oscar"]
[Result "0-1"]
[WhiteElo "1824"]
[BlackElo "2424"]
[Annotator "TA"]
[PlyCount "150"]
[EventDate "2022.07.29"]
[EventType "team-tourn"]
[EventCountry "IND"]
[SourceTitle "playchess.com"]
[Source "ChessBase"]
[SourceQuality "1"]
[WhiteTeam "Hong Kong"]
[BlackTeam "Andorra"]
[WhiteTeamCountry "HKG"]
[BlackTeamCountry "AND"]

1. d4 f5 2. Nf3 Nf6 3. g3 g6 4. Bg2 Bg7 5. O-O O-O 6. c4 d6 7. Nc3 c6 8. Qc2
Na6 9. a3 Qe8 10. d5 Bd7 11. dxc6 bxc6 12. b4 Nc7 13. Rd1 Ne6 14. Bb2 f4 15. c5
fxg3 16. hxg3 dxc5 17. bxc5 Nxc5 18. Ne5 Bf5 19. e4 Be6 20. Ne2 Rb8 21. Nf4 Bb3
22. Qxc5 Bxd1 23. Rxd1 Rxb2 24. Nxc6 Kh8 25. Ne6 Nd7 26. Qxa7 Rfxf2 27. Bf1
Rfd2 28. Rxd2 Rxd2 29. Nxg7 Kxg7 30. Qe3 Rd6 31. Qc3+ e5 32. Bh3 Nf6 33. Nxe5
Qe7 34. Ng4 Qxe4 35. Nxf6 Rxf6 36. Qc7+ Kh6 37. Qc1+ g5 38. Bg2 Qd4+ 39. Kh2
Kg6 40. Qc2+ Kg7 41. Qc7+ Rf7 42. Qa5 Kg6 43. Qa6+ Rf6 44. Qb7 Rf7 45. Qc6+ Qf6
46. Qe8 Kg7 47. Qe2 Re7 48. Qg4 Qh6+ 49. Kg1 Qb6+ 50. Kh2 Qe3 51. Qb4 h5 52. a4
Qe5 53. Kh3 Rc7 54. Qb5 Rc5 55. Qd7+ Kh6 56. Qd8 Rc7 57. Qf8+ Rg7 58. Qh8+ Kg6
59. Qa8 Re7 60. Qg8+ Kh6 61. Qf8+ Kh7 62. Bf1 Qe6+ 63. Kh2 Rd7 64. Qf3 Rd2+ 65.
Kg1 Kh6 66. Qf8+ Kg6 67. Qf3 Qd5 68. Qf8 Qd4+ 69. Kh1 Qe4+ 70. Kg1 Qe3+ 71. Kh1
Qe6 72. Bg2 h4 73. Qa8 Qe1+ 74. Kh2 Qxg3+ 75. Kh1 Rd1+ 0-1

[Event "44th Chess Olympiad Open 2022"]
[Site "Chennai"]
[Date "2022.08.01"]
[Round "4.45"]
[White "Pasko, Llambi"]
[Black "Al Maashani, Amer"]
[Result "1-0"]
[WhiteElo "2418"]
[BlackElo "1947"]
[Annotator "TA"]
[PlyCount "63"]
[EventDate "2022.07.29"]
[EventType "team-tourn"]
[EventCountry "IND"]
[SourceTitle "playchess.com"]
[Source "ChessBase"]
[SourceQuality "1"]
[WhiteTeam "Albania"]
[BlackTeam "OMA"]
[WhiteTeamCountry "ALB"]

1. d4 d5 2. c4 dxc4 3. e3 e5 4. Bxc4 exd4 5. exd4 Nf6 6. Nf3 Bb4+ 7. Nc3 O-O 8.
h3 c5 9. O-O cxd4 10. Nxd4 Nbd7 11. Qb3 Qa5 12. Bd2 Ne5 13. Be2 Rd8 14. Be3 Bd7
15. Bg5 Bxh3 16. Rad1 Bd7 17. Bxf6 gxf6 18. Nd5 Ba4 19. Qg3+ Ng6 20. Nb3 Bxb3
21. Qxb3 Bd2 22. Nxf6+ Kg7 23. Nh5+ Kg8 24. Qxb7 Rab8 25. Qf3 Qg5 26. Nf6+ Kg7
27. Ne4 Qa5 28. Qf6+ Kg8 29. Bc4 Ne5 30. Nxd2 Rxd2 31. Rxd2 Nxc4 32. Rd4 1-0

[Event "44th Chess Olympiad Open 2022"]
[Site "Chennai"]
[Date "2022.08.01"]
[Round "4.45"]
[White "Mehmeti, Dritan"]
[Black "Salim Issa, Ali Shamas"]
[Result "1-0"]
[WhiteElo "2371"]
[BlackElo "1851"]
[Annotator "TA"]
[PlyCount "87"]
[EventDate "2022.07.29"]
[EventType "team-tourn"]
[EventCountry "IND"]
[SourceTitle "playchess.com"]
[Source "ChessBase"]
[SourceQuality "1"]
[WhiteTeam "Albania"]
[BlackTeam "OMA"]
[WhiteTeamCountry "ALB"]

1. d4 Nf6 2. Bg5 d5 3. Bxf6 exf6 4. e3 c5 5. c3 Nc6 6. Nd2 Be6 7. dxc5 Bxc5 8.
Nb3 Bb6 9. Nf3 O-O 10. Be2 Re8 11. O-O g6 12. Qd2 f5 13. Rad1 Qf6 14. Nbd4 Rad8
15. g3 Bd7 16. Rfe1 Kg7 17. Bf1 h6 18. Bg2 g5 19. Nc2 Be6 20. a3 Bc8 21. Nb4
Ne7 22. Nd4 a5 23. Nd3 Ng6 24. b4 f4 25. exf4 Rxe1+ 26. Rxe1 Bxd4 27. cxd4 Qxd4
28. fxg5 axb4 29. gxh6+ Kh7 30. axb4 Bf5 31. Qg5 Bxd3 32. Qxd8 Qxb4 33. Qe8 Be4
34. Qxf7+ Kxh6 35. Rf1 Bxg2 36. Kxg2 d4 37. Qd5 Qd2 38. Rb1 d3 39. Rb6 Qe2 40.
Qf5 Qe8 41. Qxd3 Qf7 42. Qe4 Qg8 43. Qf4+ Kg7 44. Rxb7+ 1-0

[Event "44th Chess Olympiad Open 2022"]
[Site "Chennai"]
[Date "2022.08.01"]
[Round "4.45"]
[White "Salim Mohammed, Salim Al Amri"]
[Black "Ashiku, Franc"]
[Result "0-1"]
[WhiteElo "1917"]
[BlackElo "2422"]
[Annotator "TA"]
[PlyCount "122"]
[EventDate "2022.07.29"]
[EventType "team-tourn"]
[EventCountry "IND"]
[SourceTitle "playchess.com"]
[Source "ChessBase"]
[SourceQuality "1"]
[WhiteTeam "OMA"]
[BlackTeam "Albania"]
[BlackTeamCountry "ALB"]

1. d4 Nf6 2. c4 g6 3. Nc3 Bg7 4. e4 d6 5. Nf3 O-O 6. Be2 Na6 7. O-O e5 8. d5
Nc5 9. Qc2 a5 10. Ne1 Nfd7 11. b3 f5 12. f3 f4 13. a3 g5 14. Rb1 a4 15. Nxa4
Nxa4 16. bxa4 Rf7 17. Nd3 Bf8 18. g4 fxg3 19. hxg3 b6 20. Bd2 Qf6 21. Rf2 Qg6
22. g4 Nf6 23. a5 bxa5 24. c5 h5 25. gxh5 Qxh5 26. Rh2 Qg6 27. Rg2 g4 28. c6
Rh7 29. Nf2 g3 30. Nh1 Rh3 31. Rf1 Nh5 32. f4 exf4 33. Bxf4 Nxf4 34. Rxf4 Rxh1+
35. Kxh1 Qh6+ 36. Kg1 Qxf4 37. Qc3 Rb8 38. Rxg3+ Kh7 39. Rf3 Rb1+ 40. Bf1 Qg4+
41. Kf2 Bg7 42. e5 Qh4+ 43. Rg3 Bxe5 44. Bd3+ Kh8 45. Qxe5+ dxe5 46. Bxb1 Qf4+
47. Kg2 Qd2+ 48. Kf3 Qd1+ 49. Kg2 Qxb1 50. a4 Qc2+ 51. Kg1 Qd1+ 52. Kh2 e4 53.
d6 Qxd6 54. Kh1 Qd1+ 55. Kh2 Bg4 56. Rg2 Bf3 57. Rg6 Qh1+ 58. Kg3 Qg1+ 59. Kh4
Qxg6 60. Kh3 Kg8 61. Kh4 Qg4# 0-1